000 03653nam0a2200517 4500
001 RU\NLR\bibl\1062812
005 20250615041146.0
010 _a5-98689-020-5
_91000
021 _aRU
_b2007-6653
_9354
035 _a(nilc)RSL-KNO-003035620
035 _a(NLR Aleph) 001050078
090 _a872967
_c872967
100 _a20070213d2006 |||y0rusy50 ca
101 0 _arus
102 _aRU
105 _aa |||||||||
106 _ar
200 1 _aТехнологии социально-педагогической деятельности по гармонизации детско-родительских отношений в сельской семье
_eметодическое пособие
_fГ.И. Репринцева, С.П. Понарина, Т.Т. Рыбакова
_gРос. акад. образования, Ин-т социал.-пед. пробл. сел. шк., Дальневост. гос. гуманит. ун-т, Ин-т психологии и упр.
210 _aМосква
_cИзд-во Института социально-педагогических проблем сельской школы
_d2006
215 _a121,[2] с.
_cил., табл.
_d21
225 1 _aКомплексная программа РАО "Системная модернизация образования как фактор социального развития села"
320 _aБиблиогр.: с. 121-122 (34 назв.)
606 1 _aСемейное воспитание
_jМетодические пособия
_xСельские местности
_92481286
_3RU\NLR\auth\661472940
606 1 _aШколы и семья
_jМетодические пособия
_xСельские местности
_92481289
_3RU\NLR\auth\661472941
606 1 _aСельская семья
_jМетодические пособия
_xСоциально-психологические исследования
_92481304
_3RU\NLR\auth\661472948
606 1 _aДети и родители
_jМетодические пособия
_xСоциально-психологические исследования
_92055065
_3RU\NLR\auth\661232372
610 0 _aКультура. Наука. Просвещение -- Народное образование. Педагогические науки -- Семейное воспитание -- Теория и практика семейного воспитания -- Российская Федерация -- Семейный коллектив и его роль в воспитании детей
610 0 _aСоциология -- Социальные институты -- Социология семьи, брака и родства. Социология пола и половых отношений
610 0 _aСоциология -- Социальные общности (совокупности) -- Социология города и деревни -- Социальное развитие села
610 0 _aсельская семья
686 _aЧ491,6(2)0,0
_2rubbk
686 _aС556.53,0
_2rubbk
686 _aС556.663,0
_2rubbk
686 _aЧ491.0я8
686 _aЧ421.51я8
686 _aС550.53я8
686 _aС550.325я8
700 1 _aРепринцева
_bГ. И.
_gГалина Ивановна
_4070
701 1 _aПонарина
_bС. П.
_gСветлана Павловна
_4070
701 1 _aРыбакова
_bТ. Т.
_gТатьяна Тимофеевна
_4070
801 0 _aRU
_bРКП
_c20070213
_grcr
801 1 _aRU
_bРГБ
_c20070213
801 2 _aRU
_bNLR
_c20070322
_grcr
942 _cBOOK
980 _aNB